000 00861nam a22002417a 4500
999 _c662
_d662
003 AR-BaISA
005 20191120170548.0
007 ta
008 190925s2019 ag ado|| |||| 001 0 spa d
040 _cAR-BaISA
082 0 4 _222
_a616.398 C663p
100 1 0 _9384
_aCormillot, Alberto
_eaut.
245 1 0 _aPasaporte:
_bpara vivir mejor /
_cAlberto Cormillot
250 _a16ª ed.
260 _aBuenos Aires:
_bPublicaciones Saludables,
_c2019
300 _a287 p.:
_bil., graf. fot.
504 _aÍndice p: 275-279
505 _tPeso corporal --
_tAlimentación --
_tMovimiento --
_tAutomonitoreo --
_tReingeniería emocional --
_tActitudes y conductas --
_tRelación con los demás --
_tMantenimiento
650 1 4 _9555
_aAlimentación saludable
650 1 4 _9372
_aEstilo de vida saludable
650 1 4 _91332
_aTratamiento de la obesidad
942 _2ddc
_cLI